000 00571nam a2200205 a 4500
005 20260410123657.0
008 260217s2026##################000#0#eng##
020 _a9780521586115
082 0 4 _a330.015195 PAG
100 _aPagan,Adrian.
245 1 0 _aNonparametric Econometrics
_c/Adrian Pagan.
250 _a1st ed.
260 _aUnited Kindom:
_b Cambridge University Press,
_c1999
300 _axvii,424p.
_c21cm.
650 _aEconomics
650 _aQuatitative Methods in Economics.
700 _aAdrian Pagan
700 _aAman Ullah
942 _cENGLISH
999 _c612833
_d612833